El arte ruso / (Record no. 126199)

MARC details
000 -LEADER
campo de control de longitud fija 00704nam a2200229 i 4500
001 - NÚMERO DE CONTROL
campo de control 126199
003 - IDENTIFICADOR DE NÚMERO DE CONTROL
campo de control ES-MaACL
005 - FECHA Y HORA DE LA ÚLTIMA TRANSACCIÓN
campo de control 20250812051209.0
007 - CAMPO FIJO DE DESCRIPCIÓN FÍSICA--INFORMACIÓN GENERAL
campo de control de longitud fija t|
008 - DATOS DE LONGITUD FIJA--INFORMACIÓN GENERAL
campo de control de longitud fija 070214s1973 mx af |||| |dspa d
080 ## - NÚMERO DE LA CLASIFICACIÓN DECIMAL UNIVERSAL
Número de la Clasificación Decimal Universal 7(47)
100 1# - ENTRADA PRINCIPAL--NOMBRE DE PERSONA
Nombre de persona Réau, Louis (
Fechas asociadas al nombre 1881-1961)
9 (RLIN) 95691
245 13 - MENCIÓN DEL TÍTULO
Título El arte ruso /
Mención de responsabilidad, etc. Louis Réau ; traducción de María Josefa Pupareli, Jas Reuter.
250 ## - MENCION DE EDICION
Mención de edición 1ª ed., reimp.
260 ## - PUBLICACIÓN, DISTRIBUCIÓN, ETC.
Lugar de publicación, distribución, etc. México :
Nombre del editor, distribuidor, etc. Fondo de Cultura Económica,
Fecha de publicación, distribución, etc. 1973.
300 ## - DESCRIPCIÓN FÍSICA
Extensión 158 p., 16 lám. ;
Dimensiones 17 cm.
650 #7 - PUNTO DE ACCESO ADICIONAL DE MATERIA--TÉRMINO DE MATERIA
Término de materia o nombre geográfico como elemento de entrada Arte ruso
Fuente del encabezamiento o término embne
9 (RLIN) 135620
700 1# - ENTRADA AGREGADA--NOMBRE PERSONAL
Nombre de persona Pupareli, María Josefa.
9 (RLIN) 94411
700 1# - ENTRADA AGREGADA--NOMBRE PERSONAL
Nombre de persona Reuter, Jas.
9 (RLIN) 96381
852 ## - LOCALIZACIÓN
Ubicación ES-MaACL
Número de control de estantería E-7185
Holdings
Estatus retirado Estado de pérdida Estado de daño No para préstamo Biblioteca de origen Biblioteca actual Ubicación en estantería Fecha de adquisición Fuente de adquisición Total de préstamos Signatura topográfica completa Código de barras Visto por última vez Precio de reemplazo Tipo de ítem Koha
        Biblioteca del Ateneo de Madrid Biblioteca del Ateneo de Madrid Depósito 2 17/01/2008     E-7185 1131448 23/02/2023 23/02/2023 Libro impreso